[Event "Jch-RUS g20"]
[Site "Essentuki RUS"]
[Date "2003.03.13"]
[Round "11"]
[White "Ubiennykh,E"]
[Black "Malysheva,P"]
[Result "1-0"]
[WhiteElo "2248"]
[BlackElo "2137"]

1.e4 c5 2.Nf3 Nc6 3.Bb5 g6 4.O-O Bg7 5.Re1 e5 6.Bxc6 dxc6 7.d3 Qe7 8.a3 Nf6
9.b4 cxb4 10.axb4 O-O 11.Ba3 Nh5 12.Nbd2 Nf4 13.Nc4 Bg4 14.h3 Bh5 15.b5 c5
16.Bc1 g5 17.Ne3 Qf6 18.Ng4 Qd8 19.Rb1 Kh8 20.Bb2 f6 21.Kh2 Qd7 22.Nd2 Qc7
23.Nc4 Rfd8 24.Nce3 Bg6 25.g3 Ne6 26.Nd5 Qf7 27.c4 Nd4 28.Nge3 f5 29.Bxd4 exd4
30.Nxf5 Bxf5 31.exf5 Qxf5 32.Kg2 Rf8 33.Rb2 Be5 34.Qg4 Bd6 35.Qxf5 Rxf5 36.Re6 Rd8
37.Rbe2 Kg7 38.R2e4 Rdf8 39.f4 Bb8 40.g4 R5f7 41.f5 Bc7 42.Kf3 Bd8 43.Re1 Rd7
44.Ra1 b6 45.Rae1 Rh8 46.Re8 Rxe8 47.Rxe8 Kf7 48.Re6 Rb7 49.Ke4 Kf8 50.Ke5 Rd7
51.Rd6 Bc7 52.Nxc7 Rxc7 53.Kf6 Rf7+ 54.Kxg5 Re7 55.Re6 Rf7 56.f6 Rd7 57.Kf5 Kf7
58.h4  1-0

[Event "TCh-AUT 2002-3"]
[Site "Fuerstenfeld AUT"]
[Date "2003.03.14"]
[Round "9"]
[White "Kuba,G"]
[Black "Muse,M"]
[Result "0-1"]
[WhiteElo "2307"]
[BlackElo "2456"]

1.e4 c5 2.Nf3 Nc6 3.Bb5 g6 4.O-O Bg7 5.Re1 e5 6.b4 cxb4 7.a3 b3 8.Bb2 bxc2
9.Qxc2 Nge7 10.d4 Nxd4 11.Nxd4 exd4 12.Nd2 O-O 13.e5 d6 14.Bxd4 Nf5 15.Bc3 dxe5
16.Bxe5 Nd4 17.Qb2 Bxe5 18.Rxe5 Nxb5 19.Rxb5 b6 20.Ne4 f6 21.h4 Qe7 22.Re1 Bb7
23.f3 Bc6 24.Rb4 f5 25.Qc3 Bxe4 26.fxe4 f4 27.h5 f3 28.gxf3 Qg5+ 29.Kf2 Qh4+
30.Kg2 Qg5+ 31.Kf2 Qxh5 32.Qb3+ Rf7 33.e5 Qh2+ 34.Kf1 Qg3 35.Re3 Rf8 36.Rd4 Kg7
37.Rdd3 Qh3+ 38.Kf2 Qh2+ 39.Kf1 Rf5 40.Re2 Qg3  0-1

[Event "Tch-SWE 2002-3"]
[Site "Sweden SWE"]
[Date "2003.03.14"]
[Round "9"]
[White "Kinnmark,O"]
[Black "Bator,R"]
[Result "1/2-1/2"]
[WhiteElo "2364"]
[BlackElo "2422"]

1.e4 c5 2.Nf3 Nc6 3.Bb5 g6 4.O-O Bg7 5.c3 Nf6 6.Re1 O-O 7.h3 Qb6 8.Ba4 d5
9.e5 Ne8 10.d3 Nc7 11.Nbd2 Bf5 12.Nf1 Qa6 13.Bc2 d4 14.Ng3 Be6 15.c4 b5 16.b3 Qb6
17.Qe2 a5 18.Rb1 Nb4 19.Bd1 Rfb8 20.Ng5 Bd7 21.f4 Nc6 22.Bc2 f6 23.Nf3 fxe5
24.fxe5 Ne6 25.Qe4 Nb4 26.Rb2 Rf8 27.Bb1 Bc6 28.Qg4 Bxf3 29.gxf3 Nd8 30.Rf2 e6
31.f4 Nbc6 32.Bc2 Ne7 33.h4 h5 34.Qf3 Nf7 35.Qh1 Nh6 36.Bd1 Ra7 37.Rg2 Kh7
38.Ne4 Nef5 39.Ng5+ Kh8 40.Bf3 a4 41.Ne4 axb3 42.axb3 bxc4 43.bxc4 Ne7  1/2-1/2

[Event "Tch-SWE 2002-3"]
[Site "Sweden SWE"]
[Date "2003.03.14"]
[Round "9"]
[White "Andersson,J"]
[Black "Heinola,V"]
[Result "1-0"]
[WhiteElo "2148"]
[BlackElo "2193"]

1.e4 c5 2.Nf3 Nc6 3.Bb5 g6 4.O-O Bg7 5.Qe2 e5 6.Qc4 d6 7.b4 Be6 8.Qc3 Qb6
9.a4 a6 10.bxc5 dxc5 11.Bxc6+ Qxc6 12.d3 f6 13.Nbd2 Nh6 14.a5 Nf7 15.Ba3 O-O
16.Rfb1 Rfc8 17.Rb6 Qd7 18.Nc4 Bg4 19.Nfd2 f5 20.Rb2 Qe7 21.Nb6 Qg5 22.Kh1 Bh6
23.Nf1 Qh4 24.Qe1 Qh5 25.Ng3 Qg5 26.f3 Bh5 27.Nxh5 Qxh5 28.Qg3 Bf4 29.Qh3 Qg5
30.Nxc8 Rxc8 31.Rxb7 Nh6 32.Rab1 Qd8 33.exf5 gxf5 34.Bc1 Bxc1 35.Rxc1 Qf6
36.Rb6 Rc6 37.Rcb1  1-0

[Event "TCh-FIN 2002-3"]
[Site "Finland FIN"]
[Date "2003.03.15"]
[Round "8"]
[White "Lahtinen,M"]
[Black "Kujala,A"]
[Result "1-0"]
[WhiteElo "2287"]
[BlackElo "2284"]

1.e4 c5 2.Nf3 Nc6 3.Bb5 e6 4.O-O Nge7 5.Re1 a6 6.Bf1 g6 7.c3 Bg7 8.d4 cxd4
9.cxd4 Qb6 10.d5 Nd4 11.Nbd2 O-O 12.Nc4 Nxf3+ 13.Qxf3 Qd8 14.Be3 d6 15.Bb6 Qd7
16.Ba5 b5 17.Nb6 Qa7 18.Nxa8 Qxa8 19.Bb4 Be5 20.Rad1 f5 21.dxe6 fxe4 22.Qxe4 Bb7
23.Qh4 Nf5 24.Qh3 Re8 25.Bc3 Rxe6 26.Bxe5 dxe5 27.Rd7 h5 28.Qb3  1-0

[Event "Tch-SWE 2002-3"]
[Site "Sweden SWE"]
[Date "2003.03.15"]
[Round "10"]
[White "Wieweg,J"]
[Black "Andersson,G"]
[Result "0-1"]
[WhiteElo "2240"]
[BlackElo "2194"]

1.e4 c5 2.Nf3 Nc6 3.Bb5 e6 4.O-O Nge7 5.c3 a6 6.Ba4 b5 7.Bc2 d5 8.d4 cxd4
9.Nxd4 Bb7 10.Nxc6 Bxc6 11.e5 Ng6 12.Qd4 Be7 13.Nd2 O-O 14.Nf3 f5 15.Re1 Nh4
16.Nxh4 Bxh4 17.a4 Be7 18.f4 Qc7 19.Be3 Rfb8 20.b4 a5 21.axb5 Bxb5 22.bxa5 Rxa5
23.Rxa5 Qxa5 24.Qa7 Qxa7 25.Bxa7 Ra8 26.Bd4 Ra2 27.Bb1 Rd2 28.Be3 Rb2 29.Bd4 Bc4
30.Rd1 Kf7 31.Bd3 Bxd3 32.Rxd3 Rc2 33.Rd1 g5 34.g3 gxf4 35.gxf4 Ba3 36.Ra1 Rc1+
37.Rxc1 Bxc1 38.Kf2 Bxf4 39.h3 Kg6 40.Kf3 Bg5 41.Bc5 h5 42.Bd4 Bc1 43.Bf2 f4  0-1

[Event "TCh-CZE 2002-3"]
[Site "Czech Rep CZE"]
[Date "2003.03.16"]
[Round "9"]
[White "Berezjuk,S"]
[Black "Vesselovsky,S"]
[Result "1/2-1/2"]
[WhiteElo "2448"]
[BlackElo "2422"]

1.e4 c5 2.Nf3 Nc6 3.Bb5 d6 4.O-O Bd7 5.Re1 Nf6 6.h3 e5 7.c3 a6 8.Bf1 Be7
9.d4 Qc7 10.Na3 O-O 11.Nc2 cxd4 12.cxd4 Rfe8 13.Bd3 Rad8 14.d5 Nb8 15.Bd2 Rc8
16.a4 a5 17.Na3 Na6 18.Nc4 Nb4 19.Bf1 Rb8 20.Bc3 Qc5 21.Nxa5 Qxa5 22.Qd2 Rec8
23.Bxb4 Qd8 24.Bd3 Nh5 25.Kh2 g6 26.Bf1 Ng7 27.Bc3 f5 28.exf5 gxf5 29.g3 Bf6
30.a5 Qe8 31.Qh6 Qg6 32.Qxg6 hxg6 33.a6 bxa6 34.Rxa6 Ne8 35.Ra7 Rc7 36.Rea1 Rbb7
37.Ra8 Kf7 38.h4 Bb5 39.Nd2 Bxf1 40.Nxf1 e4 41.Rc1 Bd4  1/2-1/2

[Event "19th Open"]
[Site "Bad Woerishofen GER"]
[Date "2003.03.18"]
[Round "6"]
[White "Kveinys,A"]
[Black "Prie,E"]
[Result "1/2-1/2"]
[WhiteElo "2541"]
[BlackElo "2446"]

1.e4 c5 2.Nf3 Nc6 3.Bb5 g6 4.Bxc6 dxc6 5.h3 Bg7 6.d3 Nf6 7.Nc3 Nd7 8.Be3 e5
9.Qd2 h6 10.O-O Qe7 11.Nh2 Nf8 12.a3 Ne6 13.b4 f5 14.Na4 b6 15.f3 f4 16.Bf2 g5
17.c4 cxb4 18.axb4 Bb7 19.Nc3 Qxb4 20.Ra4 Qd6 21.Rfa1 Qb8 22.Qa2 Kd7 23.h4 gxh4
24.Bxh4 h5 25.Qb2 Rg8 26.Ne2 Nc5 27.R4a3 Qd6 28.Rxa7 Rxa7 29.Rxa7 Kc7 30.Bf2 Bf8
31.Kf1 Qxd3 32.Qxe5+ Bd6 33.Qd4 Qb1+ 34.Be1 Nd3 35.Ra1 Qc2 36.Qf6 Qxc4 37.Bc3 Re8
38.Rd1 Ba6 39.Kg1 Bc5+ 40.Bd4 Qc2 41.Ra1 Qxe2 42.Rxa6 Ne1 43.Ra7+ Kb8 44.Rg7 Qb2
45.Qd6+ Bxd6 46.Bxb2 Nd3 47.Bf6 b5 48.Kf1 c5 49.Ke2 c4 50.Nf1 Be5 51.Bxe5+ Rxe5
52.g3 fxg3 53.Nxg3 Rc5 54.Kd2 b4 55.Ne2 Kc8 56.f4  1/2-1/2

[Event "Amber Rapid"]
[Site "Monte Carlo MNC"]
[Date "2003.03.25"]
[Round "9"]
[White "Leko,P"]
[Black "Van Wely,L"]
[Result "1-0"]
[WhiteElo "2736"]
[BlackElo "2668"]

1.e4 c5 2.Nf3 Nc6 3.Bb5 g6 4.Bxc6 dxc6 5.d3 Bg7 6.h3 Nf6 7.O-O O-O 8.Nc3 Nd7
9.Be3 e5 10.Qd2 Re8 11.Nh2 Qe7 12.Bh6 Bh8 13.Ng4 Nf8 14.Bg5 f6 15.Nh6+ Kg7
16.Be3 Ne6 17.Ne2 Ng5 18.Ng4 Bxg4 19.hxg4 Rad8 20.Qc3 Ne6 21.f4 exf4 22.Nxf4 Nd4
23.Rf2 Kg8 24.Qc4+ Kg7 25.b4 b6 26.bxc5 Qxc5 27.Qxc5 bxc5 28.Rb1 Rb8 29.Rxb8 Rxb8
30.c3 Nb5 31.Rb2 Re8 32.c4 Nd4 33.Rb7+ Kg8 34.Bxd4 cxd4 35.Rxa7 f5 36.gxf5 gxf5
37.exf5 Be5 38.Ne6 Rb8 39.g4 h6 40.Ra5 Bf6 41.Ra6 Rb2 42.Rxc6 Rxa2 43.c5 Be5
44.Rc8+ Kf7 45.c6  1-0

[Event "XII It III"]
[Site "Dos Hermanas ESP"]
[Date "2003.04.03"]
[Round "6"]
[White "Garcia Luque,A"]
[Black "Komljenovic,D"]
[Result "1-0"]
[WhiteElo "2406"]
[BlackElo "2431"]

1.e4 c5 2.Nf3 Nc6 3.Bb5 g6 4.O-O Bg7 5.Re1 e5 6.Bxc6 dxc6 7.d3 Qe7 8.a4 Nf6
9.Na3 Nh5 10.Nc4 O-O 11.a5 Rd8 12.Be3 Be6 13.Nfd2 Nf4 14.Qf3 Bxc4 15.Nxc4 Ne6
16.Reb1 Nd4 17.Qd1 f6 18.Qd2 Bf8 19.f4 exf4 20.Bxf4 Ne6 21.Be3 Qc7 22.Rf1 Bg7
23.Bh6 Bh8 24.Rf2 Rd7 25.Raf1 Rf7 26.Kh1 Rd8 27.e5 f5 28.g4 f4 29.Bxf4 Rxf4
30.Rxf4 Nxf4 31.Qxf4 Qe7 32.Nd6 Qe6 33.Nf7 Qd5+ 34.Rf3 Re8 35.Nh6+ Kg7 36.g5  1-0

[Event "XII It III"]
[Site "Dos Hermanas ESP"]
[Date "2003.04.03"]
[Round "6"]
[White "Razmyslov,A"]
[Black "Diaz Castro,S"]
[Result "1-0"]
[WhiteElo "2345"]
[BlackElo "2228"]

1.e4 c5 2.Nf3 Nc6 3.Bb5 a6 4.Bxc6 dxc6 5.h3 Qc7 6.a4 a5 7.d4 e6 8.O-O Nf6
9.Re1 b6 10.d5 cxd5 11.exd5 Be7 12.Nc3 Nxd5 13.Nxd5 exd5 14.Qxd5 Bb7 15.Qe5 Qxe5
16.Nxe5 Bd5 17.c4 Be6 18.Bf4 Bf6 19.Rad1 O-O 20.Nd7 Bxd7 21.Rxd7 g5 22.Rd6 Bd8
23.Bd2 Bc7 24.Rd5 h6 25.Re7 Rac8 26.Bc3 Rfe8 27.Red7 Re4 28.Rf5 Rf4 29.Rdxf7 Rxf5
30.Rxf5 Re8 31.Rf6 Rd8 32.g3 Rd6 33.Rxd6 Bxd6 34.Kg2 Kf7 35.Kf3 h5 36.Ke4 Ke6
37.f4 gxf4 38.gxf4 Bc7 39.b3 Bd8 40.Be5 Kd7 41.Kf5  1-0

[Event "National I"]
[Site "Besancon FRA"]
[Date "2003.04.04"]
[Round "4"]
[White "Tkachiev,V"]
[Black "Bellaiche,A"]
[Result "1-0"]
[WhiteElo "2643"]
[BlackElo "2424"]

1.e4 c5 2.Nf3 Nc6 3.Bb5 Nf6 4.Bxc6 dxc6 5.d3 g6 6.h3 Bg7 7.O-O Nd7 8.Nbd2 Qc7
9.Re1 O-O 10.a4 a5 11.Qe2 Rd8 12.e5 Nf8 13.Qe4 Ne6 14.Nb3 b6 15.Qh4 f6 16.Be3 g5
17.Qg3 h5 18.Nfd2 h4 19.Qf3 Rf8 20.exf6 exf6 21.d4 cxd4 22.Nxd4 Nxd4 23.Bxd4 c5
24.Bc3 Bb7 25.Qf5 Rae8 26.Nc4 Qc6 27.f3 Bc8 28.Qd3 Be6 29.Qd6 Bd7 30.Qxc6 Bxc6
31.Nxb6 f5 32.Bxg7 Kxg7 33.b3 Kf6 34.Nc4 Rxe1+ 35.Rxe1 Bd5 36.Nxa5 Ra8 37.Rd1 Ke5
38.c4 Bxf3 39.gxf3 Rxa5 40.Kf2 Kf4 41.Rd5 g4 42.fxg4 fxg4 43.Rh5  1-0

[Event "National I"]
[Site "Bordeaux FRA"]
[Date "2003.04.06"]
[Round "6"]
[White "Rainfray,A"]
[Black "Karr,JP"]
[Result "1/2-1/2"]
[WhiteElo "2401"]
[BlackElo "2376"]

1.e4 c5 2.Nf3 Nc6 3.Bb5 g6 4.Bxc6 dxc6 5.d3 Bg7 6.h3 Nf6 7.Nc3 O-O 8.Be3 b6
9.Qd2 e5 10.Bh6 Qd6 11.O-O Ne8 12.Nh2 Nc7 13.Ne2 f6 14.Bxg7 Kxg7 15.f4 exf4
16.Rxf4 Ne6 17.Rf2 Nd4 18.Nf4 f5 19.Re1 fxe4 20.dxe4 Qe7 21.Qe3 a5 22.Nf3 Ne6
23.Qc3+ Kg8 24.Nd3 b5 25.Nde5 b4 26.Qe3 Bb7 27.c3 a4 28.a3 Rad8 29.Rd2 Rxd2
30.Nxd2 Nf4 31.Ndf3 bxa3 32.bxa3 Ba6 33.Qd2 Qe6 34.Qd7 Nxh3+ 35.Kh2 Nf4 36.Qa7 Nd3
37.Nxd3 Bxd3 38.Qxc5 Qg4 39.Qd4 Rxf3 40.gxf3 Qh4+ 41.Kg2 Qg5+ 42.Kh1  1/2-1/2

[Event "National I"]
[Site "Bordeaux FRA"]
[Date "2003.04.06"]
[Round "6"]
[White "Adams,Mi"]
[Black "Van Wely,L"]
[Result "1/2-1/2"]
[WhiteElo "2723"]
[BlackElo "2675"]

1.e4 c5 2.Nf3 Nc6 3.Bb5 g6 4.Bxc6 dxc6 5.d3 Bg7 6.h3 Nf6 7.O-O Nd7 8.Nc3 Nf8
9.Ne2 e5 10.Be3 Ne6 11.Qd2 h6 12.Nh2 b6 13.Rad1 g5 14.Ng3 Nf4 15.c3 O-O 16.Nf3 Be6
17.d4 cxd4 18.cxd4 exd4 19.Nxd4 c5 20.Nxe6 fxe6 21.Qc2 Qe7 22.Rd2 Rad8 23.Rfd1  1/2-1/2

[Event "Classics GM"]
[Site "Gausdal NOR"]
[Date "2003.04.06"]
[Round "5"]
[White "Westerinen,H"]
[Black "Daly,C"]
[Result "1-0"]
[WhiteElo "2360"]
[BlackElo "2353"]

1.e4 c5 2.Nf3 Nc6 3.Bb5 d6 4.O-O Bd7 5.Re1 Nf6 6.h3 a6 7.Bf1 e5 8.c3 Be7
9.d4 O-O 10.d5 Nb8 11.Nxe5 dxe5 12.d6 Bc6 13.dxe7 Qxe7 14.Bd3 Nbd7 15.c4 Rfd8
16.Nc3 Ne8 17.b3 Nf8 18.Bb2 f6 19.Nd5 Bxd5 20.exd5 Qd6 21.Re3 Nc7 22.Qg4 a5
23.Rae1 Rd7 24.a4 Rf7 25.Rg3 Re8 26.Bf5 b6 27.h4 Ree7 28.h5 Ne8 29.Bg6 hxg6
30.hxg6 Nxg6 31.Qxg6 Qd7 32.Rh3 Rf8 33.Re4 Qxh3 34.gxh3 Nd6 35.Rxe5  1-0

[Event "National I"]
[Site "Besancon FRA"]
[Date "2003.04.07"]
[Round "7"]
[White "Mourot,F"]
[Black "Etchegaray,P"]
[Result "0-1"]
[WhiteElo "2077"]
[BlackElo "2352"]

1.e4 c5 2.Nf3 Nc6 3.Bb5 g6 4.Bxc6 bxc6 5.O-O Bg7 6.Nc3 Nh6 7.d3 O-O 8.Be3 d6
9.h3 f6 10.Qd2 Nf7 11.Nh2 f5 12.f4 Kh8 13.a3 a5 14.Rab1 a4 15.Nf3 Qa5 16.Ne2 Qa6
17.Ng3 Nh6 18.e5 Nf7 19.d4 cxd4 20.Bxd4 c5 21.Bc3 dxe5 22.Nxe5 Nxe5 23.Bxe5 Bxe5
24.fxe5 Bb7 25.Qg5 Qc4 26.Rbe1 f4 27.Ne2 f3 28.gxf3 Bxf3 29.Nc3 Rf5 30.Qg3 Raf8
31.Kh2 Qd4 32.Qf2 Qf4+ 33.Qg3 Qxg3+ 34.Kxg3 Rg5+ 35.Kh4 Rg2  0-1

[Event "Schwarzwald Open"]
[Site "Bad Wildbad GER"]
[Date "2003.04.08"]
[Round "4"]
[White "Braunschlaeger,C"]
[Black "Michiels,B"]
[Result "1/2-1/2"]
[WhiteElo "2232"]
[BlackElo "2302"]

1.e4 c5 2.Nf3 Nc6 3.Bb5 Nf6 4.e5 Nd5 5.Nc3 Nc7 6.a4 g6 7.Bxc6 dxc6 8.d3 Bg7
9.O-O O-O 10.Re1 Bg4 11.h3 Bxf3 12.Qxf3 Ne6 13.Re4 Nd4 14.Qd1 Qd7 15.Ne2 Ne6
16.Nf4 Rad8 17.Nxe6 Qxe6 18.Qe2 Rd4 19.Rxd4 cxd4 20.Bf4 Rc8 21.Qe4 Qd5 22.Qxd5 cxd5
23.Rc1 Rc6 24.Kf1 Kf8 25.c4 dxc3 26.Rxc3 Rxc3 27.bxc3 Ke8 28.Ke2 Kd7 29.Kd2 d4
30.cxd4 Ke6 31.Kc3 Kd5 32.Bc1 e6 33.Ba3 h5 34.Be7 Bh6 35.g3 b6 36.f4 a6 37.h4 Bg7
38.a5 b5 39.Bc5 f6 40.Be7 f5 41.Bc5 Kc6 42.Kb4  1/2-1/2

[Event "Classics IM"]
[Site "Gausdal NOR"]
[Date "2003.04.10"]
[Round "10"]
[White "Hersvik,D"]
[Black "Nygren,K"]
[Result "0-1"]
[WhiteElo "2304"]
[BlackElo "2207"]

1.e4 c5 2.Nf3 Nc6 3.Bb5 Nf6 4.Nc3 e5 5.O-O d6 6.h3 Be7 7.d3 O-O 8.Bxc6 bxc6
9.b3 Ne8 10.Ne2 f5 11.exf5 Bxf5 12.Ng3 Be6 13.Qe2 Nc7 14.Bd2 Qd7 15.Rae1 Rf7
16.Ng5 Bxg5 17.Bxg5 Raf8 18.Qh5 Nd5 19.Ne4 Rf5 20.Qh4 Nf4 21.f3 h6 22.Bxf4 Rxf4
23.Qf2 Bd5 24.c3 a5 25.Qe3 Qe7 26.Re2 Bxe4 27.dxe4 a4 28.b4 cxb4 29.cxb4 g5
30.Rc2 h5 31.Rxc6 g4 32.Kh2 Qe6 33.Qd2 R8f6 34.b5 gxh3 35.gxh3 Rg6 36.b6 Rh4
37.Qg2 Rxg2+ 38.Kxg2 Qxh3+ 39.Kf2 Qh2+ 40.Ke3 Qxa2 41.Rg1+ Kf7 42.Rc7+ Kf6
43.Rgg7 Rh2 44.Kd3 Qb3+ 45.Rc3 Qb5+  0-1

[Event "ch-POLJ u20"]
[Site "Jarnoltowek POL"]
[Date "2003.04.11"]
[Round "6"]
[White "Slaby,J"]
[Black "Dziuba,M"]
[Result "0-1"]
[WhiteElo "2396"]
[BlackElo "2450"]

1.e4 c5 2.Nf3 Nc6 3.Bb5 e6 4.O-O Nge7 5.Nc3 a6 6.Bxc6 Nxc6 7.d4 cxd4 8.Nxd4 d6
9.Re1 Be7 10.Nxc6 bxc6 11.Qg4 g6 12.Bh6 e5 13.Qg3 Be6 14.Rad1 Qb6 15.Na4 Qb4
16.b3 Rd8 17.c3 Qb8 18.c4 g5 19.h4 f6 20.hxg5 Rg8 21.Re3 fxg5 22.Qh2 Rg6
23.Rg3 Bf7 24.Rdd3 Qc8 25.Rh3 Qe6 26.Rdg3 d5 27.exd5 cxd5 28.cxd5 Rxd5 29.Nc3 Qc6
30.Kh1 Rdd6 31.Bxg5 Bxg5 32.Rxh7 Rh6 33.Rh3 Rxh7 34.Qxe5+ Re6 35.Qb8+ Bd8
36.Rxh7 Rh6+  0-1

[Event "Western Pacific Open"]
[Site "Los Angeles USA"]
[Date "2003.04.11"]
[Round "1"]
[White "Cohen,E"]
[Black "Taylor,T"]
[Result "0-1"]
[WhiteElo "2102"]
[BlackElo "2410"]

1.e4 c5 2.Nf3 Nc6 3.Bb5 g6 4.O-O Bg7 5.c3 Nf6 6.Re1 O-O 7.d4 cxd4 8.cxd4 d5
9.e5 Ne4 10.Nc3 Nxc3 11.bxc3 Na5 12.Bf4 Bd7 13.Bf1 Rc8 14.Rc1 Nc4 15.Nd2 Bb5
16.Nxc4 Bxc4 17.Qd2 Qa5 18.Re3 f6 19.exf6 Bxf6 20.Be5 Bg5 21.f4 Rxf4 22.Bxc4 dxc4
23.Bxf4 Bxf4 24.Qe2 Qh5 25.Qxh5 Bxe3+  0-1

[Event "FSIMA April"]
[Site "Budapest HUN"]
[Date "2003.04.12"]
[Round "8"]
[White "Howell,D"]
[Black "Alfred,N"]
[Result "1-0"]
[WhiteElo "2251"]
[BlackElo "2325"]

1.e4 c5 2.Nf3 Nc6 3.Bb5 e6 4.Bxc6 bxc6 5.d3 d5 6.c4 Nf6 7.Nc3 Be7 8.O-O O-O
9.b3 Qc7 10.Qe2 d4 11.Na4 e5 12.Bg5 Qd6 13.Nh4 h6 14.Bc1 Nxe4 15.Qxe4 f5
16.Qe2 Bxh4 17.Ba3 Re8 18.Qh5 Qd8 19.Bxc5 Bf6 20.Rae1 Be6 21.Ba3 Qc7 22.Nc5 Bf7
23.Qxf5 Qa5 24.Na4 Qd2 25.Bc1 Qxa2 26.Bxh6 e4 27.Rxe4 Rxe4 28.Qxe4 Re8 29.Qg4 Re5
30.Bf4 Bh5 31.Qh3 Be2 32.Bxe5 Bxf1 33.Qe6+ Kh7 34.Qf5+ Kg8 35.Qe6+ Kh7 36.Qf5+ Kg8
37.Kxf1 Qxb3 38.Qe6+ Kh7 39.Qh3+ Kg8 40.Qe6+ Kh7 41.Bxf6 Qxd3+ 42.Qe2 Qb1+
43.Qe1 Qd3+ 44.Qe2 Qb1+ 45.Qe1 Qd3+ 46.Kg1 gxf6 47.Qc1 a5 48.h3 Qf5 49.Nb2 c5
50.Qd1 Kg7 51.Qg4+ Qxg4 52.hxg4 Kg8 53.f4 Kf7 54.Na4 d3 55.Kf2 Ke6 56.Ke3  1-0

[Event "Asian Teams w"]
[Site "Jodhpur IND"]
[Date "2003.04.13"]
[Round "7"]
[White "Xu Yuhua"]
[Black "Paridar,S"]
[Result "1-0"]
[WhiteElo "2489"]
[BlackElo "2229"]

1.e4 c5 2.Nf3 Nc6 3.Bb5 g6 4.Bxc6 bxc6 5.O-O Bg7 6.Re1 f6 7.c3 Nh6 8.d4 cxd4
9.cxd4 O-O 10.Nc3 d6 11.h3 Nf7 12.Be3 Rb8 13.Qd2 Rb7 14.Rac1 Bd7 15.b3 h6
16.Ne2 Kh7 17.Ng3 a5 18.h4 h5 19.Qc2 Nh6 20.e5 Ng4 21.Bf4 Bh6 22.exd6 exd6
23.Bxh6 Kxh6 24.Qd2+ Kg7 25.Qf4 d5 26.Qd6 Qc7 27.Qc5 Qb6 28.Qd6 Qc7 29.Qxc7 Rxc7
30.Ne2 Re8 31.Nf4 Rxe1+ 32.Nxe1 Rc8 33.Ned3 Kf7 34.Nc5 Rd8 35.Nxd7 Rxd7 36.f3 Ne3
37.Rxc6 a4 38.b4 Nf5 39.Rc5 Nxd4 40.Nxd5 a3 41.Kf2 Nf5 42.b5 Ne7 43.Nc3 Rd2+
44.Ke3 Rxg2 45.b6 Rb2 46.Nb5 Nc6 47.Nd6+ Ke6 48.Nc4 Nb4 49.b7 Nc2+ 50.Kd2 Nb4+
51.Nxb2 axb2 52.b8=Q b1=Q 53.Qb6+  1-0

[Event "GM"]
[Site "Evry FRA"]
[Date "2003.04.14"]
[Round "5"]
[White "Abergel,T"]
[Black "Bellaiche,A"]
[Result "0-1"]
[WhiteElo "2365"]
[BlackElo "2424"]

1.e4 c5 2.Nf3 Nc6 3.Bb5 g6 4.Bxc6 dxc6 5.d3 Bg7 6.h3 Nf6 7.Nc3 Nd7 8.Be3 O-O
9.Qd2 Re8 10.O-O b6 11.Nh2 e5 12.f4 exf4 13.Rxf4 Ne5 14.Raf1 Be6 15.R4f2 f6
16.Nf3 Nf7 17.Ne2 Qe7 18.Qc1 c4 19.b3 cxd3 20.cxd3 c5 21.d4 Rac8 22.dxc5 bxc5
23.Bd2 c4 24.b4 Qb7 25.Bc3 Nd6 26.Ng3 Nb5 27.Ba1 Qb8 28.Kh2 c3 29.e5 fxe5
30.Ne4 Bf5 31.Re1 Bxe4 32.Rxe4 Nd6 33.Rfe2 Nxe4 34.Rxe4 Qb7 35.Qc2 Qd5 36.Ng1 Bh6
37.Ne2 Bd2 38.Rg4 e4 39.Kh1 Qd3  0-1

[Event "ch-FAI"]
[Site "Torshavn FAI"]
[Date "2003.04.14"]
[Round "4"]
[White "Gullaksen,E"]
[Black "Shaw,J"]
[Result "1/2-1/2"]
[WhiteElo "2354"]
[BlackElo "2474"]

1.e4 c5 2.Nf3 Nc6 3.Bb5 g6 4.Bxc6 dxc6 5.d3 Bg7 6.h3 e5 7.Be3 b6 8.Nc3 Ne7
9.Qd2 h6 10.O-O Be6 11.a3 a5 12.Nh2 Nd5 13.exd5 cxd5 14.f4 d4 15.fxe5 Bxe5
16.Bf4 dxc3 17.bxc3 Bg7 18.Rae1 g5 19.Be5 O-O 20.Bxg7 Kxg7 21.c4 Qd6 22.Qc3+ f6
23.Nf3 Bd7 24.Nd2 Bc6 25.Ne4 Bxe4 26.Rxe4 Rae8 27.Rfe1 Qd7 28.Qb2 Rxe4 29.Rxe4 Re8
30.Rxe8 Qxe8 31.Qxb6 Qe1+  1/2-1/2

[Event "6th St Quentin Open"]
[Site "Elancourt FRA"]
[Date "2003.04.15"]
[Round "5"]
[White "Zigura,O"]
[Black "Strugnell,C"]
[Result "1-0"]
[WhiteElo "2367"]
[BlackElo "2108"]

1.e4 c5 2.Nf3 Nc6 3.Bb5 g6 4.Bxc6 bxc6 5.O-O Bg7 6.e5 f6 7.d4 cxd4 8.Bf4 Qb6
9.Nbd2 c5 10.Re1 Ba6 11.Rb1 f5 12.b4 cxb4 13.a3 Rc8 14.Rxb4 Qa5 15.Nb3 Qc7
16.Qxd4 e6 17.Ra4 Qc6 18.Ra5 Bf8 19.Qxa7 Ra8 20.Qe3 Ne7 21.Bh6 Nd5 22.Qd2 Be7
23.Nfd4 Qc4 24.Bg7 Rg8 25.Bf6 Nxf6 26.exf6 Bxf6 27.Rc5 Qa4 28.Nxe6 dxe6 29.Rxe6+ Be7
30.Rc7 Rg7 31.Qd6 Qh4 32.Qc6+  1-0

[Event "IM"]
[Site "Evry FRA"]
[Date "2003.04.15"]
[Round "6"]
[White "Midoux,S"]
[Black "Lazarev,V"]
[Result "0-1"]
[WhiteElo "2296"]
[BlackElo "2517"]

1.e4 c5 2.Nf3 Nc6 3.Bb5 g6 4.Bxc6 dxc6 5.d3 Bg7 6.h3 Nf6 7.Nc3 O-O 8.Be3 b6
9.Qd2 e5 10.Bh6 Qd6 11.O-O Re8 12.Nh2 Nh5 13.Ne2 Bh8 14.Be3 f5 15.Qc3 f4
16.Bd2 Ng7 17.a3 Ne6 18.b4 h5 19.Rfe1 Bf6 20.Nc1 g5 21.Nb3 cxb4 22.axb4 Nc7
23.Bc1 g4 24.hxg4 hxg4 25.Bb2 Be6 26.Qd2 Kf7 27.Qd1 Rg8 28.d4 exd4 29.Nxd4 g3
30.Nhf3 gxf2+ 31.Kxf2 Qxb4 32.Ba3 Qc4 33.Qd2 Rg4 34.Nxe6 Qxe6 35.e5 Bh4+
36.Nxh4 Rxh4 37.Re4 Qg4 38.e6+ Kg8 39.Qd7 Rh7 40.Qd3 Nxe6 41.Rae1 Rh2 42.Qf3 Qxf3+  0-1

[Event "34th Norwegian Open"]
[Site "Oslo NOR"]
[Date "2003.04.15"]
[Round "4"]
[White "Van der Weide,K"]
[Black "Agopov,M"]
[Result "1/2-1/2"]
[WhiteElo "2388"]
[BlackElo "2376"]

1.e4 c5 2.Nf3 Nc6 3.Bb5 d6 4.O-O Bd7 5.Re1 a6 6.Bf1 g6 7.c3 Bg4 8.h3 Bxf3
9.Qxf3 Bg7 10.d3 Nf6 11.Be3 Nd7 12.Qd1 O-O 13.f4 b5 14.a3 Rc8 15.Nd2 a5 16.Nf3 Nb6
17.Rc1 b4 18.d4 cxd4 19.cxd4 d5 20.e5 e6 21.Rc5 Nd7 22.Rc1 bxa3 23.bxa3 Qb6
24.Qa4 Rc7 25.Bd2 Rfc8 26.Bb5 Bf8 27.Rxc6 Rxc6 28.Bxa5 Qb7 29.Bxc6 Rxc6 30.Bb4 Ra6
31.Qb3 Rb6 32.Rb1 Nb8 33.Qc3 Na6 34.Rc1 Nxb4 35.axb4 Rxb4 36.Qc8 Qxc8 37.Rxc8 Kg7
38.Rc2  1/2-1/2

[Event "GM"]
[Site "Evry FRA"]
[Date "2003.04.16"]
[Round "7"]
[White "Brochet,P"]
[Black "Belkhodja,S"]
[Result "1/2-1/2"]
[WhiteElo "2392"]
[BlackElo "2443"]

1.e4 c5 2.Nf3 Nc6 3.Bb5 Nf6 4.Bxc6 dxc6 5.e5 Nd5 6.O-O Bf5 7.b3 e6 8.Bb2 g5
9.d3 g4 10.Nfd2 h5 11.Ne4 Bxe4 12.dxe4 Nf4 13.a4 Qg5 14.Na3 h4 15.Nc4 Rd8
16.Qe1 Nh3+ 17.Kh1 g3 18.Bc1 Qg6 19.fxg3 Nf2+ 20.Rxf2 hxg3 21.Rd2 Rxh2+ 22.Kg1 Rh1+  1/2-1/2

[Event "ch-FAI"]
[Site "Torshavn FAI"]
[Date "2003.04.17"]
[Round "9"]
[White "Simonsen,O"]
[Black "Bjarnason,S"]
[Result "1/2-1/2"]
[WhiteElo "2250"]
[BlackElo "2258"]

1.e4 c5 2.Nf3 Nc6 3.Bb5 g6 4.O-O Bg7 5.c3 Nf6 6.d4 cxd4 7.cxd4 d5 8.e5 Ne4
9.Nc3 O-O 10.Re1 Nxc3 11.bxc3 Bf5 12.Nh4 Be6 13.Bd3 Qd7 14.f4 f6 15.f5 gxf5
16.exf6 Bxf6 17.Qh5 Bf7 18.Qh6 Bg7 19.Bxf5 Qxf5 20.Qxg7+ Kxg7 21.Nxf5+ Kf6
22.Rf1 Kg6 23.Ba3 Be6 24.Nxe7+ Nxe7 25.Bxe7 Rxf1+ 26.Rxf1 Bf5 27.Bd6 Rc8
28.Rf3 Be4 29.Rg3+ Kf7 30.Be5 Rg8 31.Rxg8 Kxg8 32.Kf2 Kf7 33.g4 Kg6 34.a3 Bd3
35.Ke3 Bc4 36.Kf4 Bd3 37.Bb8 a6 38.Ke5 Bc4 39.Kf4  1/2-1/2

[Event "ch-FAI"]
[Site "Torshavn FAI"]
[Date "2003.04.17"]
[Round "9"]
[White "Westerinen,H"]
[Black "Andreasen,J"]
[Result "1-0"]
[WhiteElo "2360"]
[BlackElo "2106"]

1.e4 c5 2.Nf3 Nc6 3.Bb5 g6 4.O-O Bg7 5.Re1 Qb6 6.Na3 d6 7.h3 a6 8.Bxc6+ Qxc6
9.c3 e6 10.d4 cxd4 11.cxd4 Ne7 12.Bf4 b5 13.d5 Qb6 14.dxe6 Bxe6 15.Be3 Qb7
16.Bd4 Bxd4 17.Nxd4 Qd7 18.Nac2 O-O 19.Ne3 Rac8 20.Qd2 d5 21.Nxe6 fxe6 22.Rad1 Rcd8
23.exd5 exd5 24.Qd4 Qc7 25.Qg4 Qb6 26.Qg5 Qd6 27.Rd4 Kg7 28.Rh4 Rf7 29.Rd4 Rdf8
30.Rd2 h6 31.Qg4 Rf4 32.Qd1 Re4 33.f3 Re5 34.Nf1 Rd8 35.Rde2 Rxe2 36.Qxe2 Nf5
37.b3 d4 38.Qd3 Rc8 39.Qe4 d3 40.Rd1 Rd8 41.Qe1 h5 42.Qf2 h4 43.Ne3 Ng3 44.Qb2+ Kf7
45.Ng4 Nf5 46.Ne5+ Kg8 47.Rxd3 Qc5+ 48.Kh2 Rxd3 49.Nxd3 Qd6+ 50.Ne5 Nd4 51.f4 g5
52.Qf2 Ne6 53.Qa7 Nxf4 54.Qf7+ Kh8 55.Qe8+ Kg7 56.Qf7+ Kh8 57.Qxf4 gxf4 58.Nf7+ Kg7
59.Nxd6 Kf6 60.Ne8+ Ke5 61.Nc7 Kd4 62.Nxa6 Kc3 63.Nc7  1-0

[Event "7th Neckar Open"]
[Site "Deizisau GER"]
[Date "2003.04.18"]
[Round "2"]
[White "Meier,Geo"]
[Black "Ikonnikov,V"]
[Result "0-1"]
[WhiteElo "2253"]
[BlackElo "2546"]

1.e4 c5 2.Nf3 Nc6 3.Bb5 g6 4.Bxc6 bxc6 5.O-O Bg7 6.Re1 Nh6 7.c3 f6 8.d4 cxd4
9.cxd4 Nf7 10.Nc3 O-O 11.b3 d6 12.Bb2 e5 13.h3 Be6 14.Rc1 Rc8 15.Na4 Re8
16.Ba3 Bf8 17.Qe2 exd4 18.Nxd4 Bd7 19.Nc3 f5 20.Qc2 Bg7 21.Rcd1 d5 22.f3 c5
23.Nde2 d4 24.Nd5 fxe4 25.fxe4 Ne5 26.Nef4 Qa5 27.Qc1 Kh8 28.Kh1 c4 29.Ne7 cxb3
30.Nxc8 Rxc8 31.Qb2 Nc4 32.Qxb3 Qxa3 33.Qb7 Qd6 34.Qxa7 Rf8 35.Nd3 Ne3 36.e5 Qd5
37.Rd2 Bxh3 38.Ree2 Bxg2+ 39.Rxg2 Nxg2  0-1